| 000 | 00650nam a2200205 a 4500 | ||
|---|---|---|---|
| 001 | 1638 | ||
| 005 | 20140414131844.0 | ||
| 008 | 010529s19uu xx 00 eng d | ||
| 020 | _a0-89565-202-1 | ||
| 050 |
_aM 179.6 _bM74 1980 |
||
| 100 | _aMoncure, Jane Belk | ||
| 245 |
_aCourage / _cby Jane Belk Moncure ; illustrated by Helen Endres. |
||
| 260 |
_aMankatao, MN : _bThe Child's World, _c1981. |
||
| 300 | _a30 p. ; col. ill. ; cm. | ||
| 440 | _aValues to live by | ||
| 520 | _aPresents various situations that exemplify the nature of courage. | ||
| 650 | _aCourage - Juvenile literature. | ||
| 650 | _aConduct of life. | ||
| 999 |
_c109866 _d109866 |
||